000 01190cam a22003733a 4500
001 0000750
003 DO-SdBPM
005 20250825091816.0
007 ta
008 8611122009 mx a 000 0 spa d
010 _a
020 _a9789870411987
040 _aDO-SdBPM
_cspa
_dBPMSU
_erda
_d
082 4 _aA863.6
_bF375c 2011
_222
100 1 _aFerrari, Andrea
_d1961-
_eautor
245 1 3 _aEl camino de Sherlock /
_cAndrea Ferrari ; ilustraciones Carlus Rodríguez
250 _a4a. reimpr. 2011
260 _b
_c
264 _aBuenos Aires, Argentina :
_bSantillana ediciones generales,
_c2011
300 _a184 páginas :
_bilustraciones,
_c20 cm.
336 _atexto
_btxt
_2rdacontent
337 _asin mediación
_bn
_2rdamedia
338 _avolumen
_bnc
_2rdacarrier
490 0 _aAlfaguara juvenil
500 _aIncluye datos biográficos del autor.
500 _aLiteratura para niños a partir de los 12 años.
521 _a
590 _aInventariado, 2025/VM
650 7 _aNovela juvenil argentina
650 7 _aNovelas policiacas
700 1 _aRodríguez, Carlus
_eilustraciones
910 _aVMateo V. Control de calidad. BPMSU
942 _2ddc
_cBK
999 _c11671
_d11671